Normal view
MARC view
- Hume, Kathryn,
Entry Personal Name
001 - CONTROL NUMBER
- control field: 153654
003 - CONTROL NUMBER IDENTIFIER
- control field: DLC
005 - DATE AND TIME OF LATEST TRANSACTION
- control field: 20260414134256.0
008 - FIXED-LENGTH DATA ELEMENTS
- fixed length control field: 840608n| azannaabn |n aaa
010 ## - LIBRARY OF CONGRESS CONTROL NUMBER
- LC control number: n 84114491
040 ## - CATALOGING SOURCE
- Original cataloging agency: DLC
- Language of cataloging: eng
- Description conventions: rda
- Transcribing agency: DLC
- Modifying agency: PSt
100 1# - HEADING--PERSONAL NAME
- Personal name: Hume, Kathryn,
- Dates associated with a name: 1945-
370 ## - ASSOCIATED PLACE
- Other associated place: State College (Pa.)
- Source of term: naf
370 ## - ASSOCIATED PLACE
- Place of birth: Cambridge (Mass.)
- Source of term: naf
370 ## - ASSOCIATED PLACE
- Place of birth: Philadelphia (Pa.)
- Source of term: naf
372 ## - FIELD OF ACTIVITY
- Field of activity: Fantasy fiction
- Source of term: lcsh
372 ## - FIELD OF ACTIVITY
- Field of activity: Literature, Medieval
- Source of term: lcsh
373 ## - ASSOCIATED GROUP
- Associated group: Pennsylvania State University
- Source of term: naf
373 ## - ASSOCIATED GROUP
- Associated group: Harvard University
- Source of term: naf
373 ## - ASSOCIATED GROUP
- Associated group: University of Pennsylvania
- Source of term: naf
374 ## - OCCUPATION
- Occupation: Academic writing
- Source of term: lcsh
374 ## - OCCUPATION
- Occupation: University and college faculty members
- Source of term: lcdgt
377 ## - ASSOCIATED LANGUAGE
- Language code: eng
670 ## - SOURCE DATA FOUND
- Source citation: Her Fantasy and mimesis, 1984:
- Information found: CIP t.p. (Kathryn Hume)
670 ## - SOURCE DATA FOUND
- Source citation: LC data base, 6/7/84
- Information found: (hdg.: Hume, Kathryn, 1945- )
670 ## - SOURCE DATA FOUND
- Source citation: Kathryn Hume Wikipedia, viewed February 17, 2026
- Information found: (An academic writer on medieval literature, fantasy, and contemporary fiction; Hume is Edwin Erle Sparks Emerita Professor of English, Penn State University; won the IAFA Distinguished Scholarship Award in 1988; graduated from Harvard University and University of Pennsylvania.)
- Uniform Resource Identifier: https://en.wikipedia.org/wiki/Kathryn_Hume



